| 000 | 00621nam a2200205 i 4500 | ||
|---|---|---|---|
| 001 | 41101 | ||
| 003 | ES-MaACL | ||
| 005 | 20251015063053.0 | ||
| 007 | t| | ||
| 008 | 030310s1978 sp ||||1| spa d | ||
| 100 | 1 |
_aCartier, Raymond, _d1904-1975 _935900 |
|
| 245 | 1 | 0 |
_aHitler al asalto del poder / _cRaymond Cartier ; [traducción por R. Bassols]. |
| 250 | _a[1ª ed.]. | ||
| 260 |
_aBarcelona : _bArgos, _c[1978] |
||
| 300 |
_a370 p. ; _c17 cm. |
||
| 600 | 1 | 4 |
_aHitler, Adolf, _d1889-1945 _963836 |
| 700 | 0 |
_aBassols, Rosa María _926334 |
|
| 852 |
_aES-MaACL _jA-8600 _bR.97412 |
||
| 999 |
_c41101 _d41101 |
||